书目信息 |
| 题名: |
外贸参展全攻略
|
|
| 作者: | 钟景松 编著 | |
| 分册: | ||
| 出版信息: | 北京 中国海关出版社 2008 |
|
| 页数: | 227页 | |
| 开本: | 24cm | |
| 丛书名: | ||
| 单 册: | ||
| 中图分类: | F743.3 | |
| 科图分类: | ||
| 主题词: | 国际贸易--展览会--基本知识 , 国际贸易 , 展览会 | |
| 电子资源: | ||
| ISBN: | 978-7-80165-552-3 | |
| 000 | 01127nam0 2200289 45 | |
| 001 | 1029967425 | |
| 005 | 20100428150107.64 | |
| 010 | @a978-7-80165-552-3@dCNY28.00 | |
| 100 | @a20100420d2008 em y0chiy50 ea | |
| 101 | 0 | @achi |
| 102 | @aCN@b110000 | |
| 105 | @aa z 000yy | |
| 106 | @ar | |
| 200 | 1 | @a外贸参展全攻略@AWai Mao Can Zhan Quan Gong Lue@dThe international trade show strategist@e如何有效参加B2B贸易商展@ERu He You Xiao Can Jia B2B Mao Yi Shang Zhan@f钟景松编著@FZhong Jing Song Bian Zhu@zeng |
| 210 | @a北京@c中国海关出版社@d2008 | |
| 215 | @a227页@c图@d24cm | |
| 300 | @a贸易展会系列 | |
| 330 | @a本书内容包括:制定参展目标与计划、如何选择贸易商展、展前的准备工作、参展团队的培训和训练、商展的推广与促销、如何设计有效的展位等。 | |
| 510 | 1 | @aInternational trade show strategist@zeng |
| 517 | 1 | @a如何有效参加B2B贸易商展@ARu He You Xiao Can Jia B2B Mao Yi Shang Zhan |
| 606 | 0 | @a国际贸易@x展览会@x基本知识 |
| 606 | 0 | @a国际贸易 |
| 606 | 0 | @a展览会 |
| 690 | @aF743.3@v4 | |
| 701 | 0 | @a钟景松@AZhong Jing Song@4编著 |
| 801 | 0 | @aCN@bTANGWEI@c20100428 |
| 905 | @b0595005-09@dF743.3@e136@f5 | |
| 外贸参展全攻略=The international trade show strategist:如何有效参加B2B贸易商展/钟景松编著.-北京:中国海关出版社,2008 |
| 227页:图;24cm |
| 贸易展会系列 |
| ISBN 978-7-80165-552-3:CNY28.00 |
| 本书内容包括:制定参展目标与计划、如何选择贸易商展、展前的准备工作、参展团队的培训和训练、商展的推广与促销、如何设计有效的展位等。 |
| ● |
| 相关链接 |
|
|
|
|
正题名:外贸参展全攻略
索取号:F743.3/136
 
预约/预借
| 序号 | 登录号 | 条形码 | 馆藏地/架位号 | 状态 | 备注 |
| 1 | 0595005 | 205950050 | 第一样本阅览室/ [索取号:F743.3/136] | 在馆 | |
| 2 | 0595006 | 205950069 | 第一借阅区/ [索取号:F743.3/136] | 在馆 | |
| 3 | 0595007 | 205950078 | 第一借阅区/ [索取号:F743.3/136] | 在馆 | |
| 4 | 0595008 | 205950087 | 第一借阅区/ [索取号:F743.3/136] | 在馆 | |
| 5 | 0595009 | 205950096 | 第一借阅区/ [索取号:F743.3/136] | 在馆 |